| 000 | 00472 a2200133 4500 | ||
|---|---|---|---|
| 005 | 20250520133911.0 | ||
| 020 | _a978-0-88132-674-1 | ||
| 082 | _aLECT 338.542 RHE | ||
| 245 | _aResponding to Financial Crisis: Lessons From Asia Then, the United States and Europe Now. | ||
| 260 |
_aWashington, DC. _bPeterson Institute for International Economics, _c2013. |
||
| 300 |
_avii, 331p.: ill.; figure, table. _bIndex. _c22cm. |
||
| 700 | _aRHEE, C. & POSEN, A. S. | ||
| 942 |
_2ddc _cBKS |
||
| 999 |
_c2487 _d2487 |
||